000 00836 a2200253 4500
005 20260415125406.0
008 260415b |||||||| |||| 00| 0 eng d
020 _a9789390887811 (hbk)
037 _cTB
040 _aCRL
_cCRL
041 _2URD
_aURD
084 _aO157,3N21x 168R1
_qCRL
100 _aRay, Satyajit
_91115678
245 _aAnukul aur deegar kahaniyan
260 _aLucknow, India:
_bMatterlink Publishers,
_c2021.
300 _a364+20p.
365 _b700.00
_cINR
546 _aTranslated from Bengali to Urdu
650 _aBengali Liteature
_91234815
650 _aBengali Fiction
700 _aKhawar, Qaisar Nazeer
_eTranslator
_91234816
942 _cTB
_2CC
_hO157,3N21x 168R1
999 _c1679594
_d1679594